000 00613nac a2200193 a 4500
003 Co-PeBPM
005 20240408140044.0
008 240408e1965 |||a|||| |||| 00| 0 spa d
040 _aCo-PeBPM
_bspa
_cCo-PeBPM
_erda
082 0 4 _a796 SE484c
100 1 _aRaynaud de la Ferriére, Serge
_eautor
245 1 0 _aCultura física y judo
_c/ Serge Raynaud de la Ferriére
260 _aLima, Perú
_b: Editorial Nueva Era
_c, [1965]
300 _a265 páginas
_b: ilustraciones
_c; 23 centímetros
500 _aIncluye tabla de contenido.
650 1 4 _aDeportes
650 1 4 _aArtistas marciales
942 _2ddc
_cBK
_n0
999 _c26739
_d26739